Online
Catalog

El conflicto Arabe - Israelita / (Record no. 23117)

MARC details
000 -CABECERA
campo de control de longitud fija 01221nam a2200313 a 4500
001 - NÚMERO DE CONTROL
campo de control 000023621
005 - FECHA Y HORA DE LA ÚLTIMA TRANSACCIÓN
campo de control 20200930022345.0
008 - DATOS DE LONGITUD FIJA--INFORMACIÓN GENERAL
campo de control de longitud fija 101215s1968 sp r 001 e spa d
040 ## - FUENTE DE LA CATALOGACIÓN
Centro catalogador/agencia de origen DO-SdBNP
Lengua de catalogación spa
Centro/agencia transcriptor BNPHU
041 17 - CÓDIGO DE LENGUA
Código de lengua del texto/banda sonora o título independiente spa
Código de lengua original fre
Fuente del código Código de idiomas MARC
082 ## - NÚMERO DE LA CLASIFICACIÓN DECIMAL DEWEY
Número de clasificación nnnn
Número de documento/Ítem C748a
049 ## - FONDOS LOCALES (OCLC)
Fondos de biblioteca BNGR
240 13 - TÍTULO UNIFORME
Título uniforme Le conflt Israélo - Arabe.
Lenguaje de la obra Español.
245 03 - MENCIÓN DE TÍTULO
Título El conflicto Arabe - Israelita /
Mención de responsabilidad, etc. J. P. Sartre ... [et. al] ; traducción de Jordi Marfá, M. Consol Freixa y Maite Lorés.
260 ## - PUBLICACIÓN, DISTRIBUCIÓN, ETC.
Lugar de publicación, distribución, etc. Barcelona :
Nombre del editor, distribuidor, etc. Edición de Materiales,
Fecha de publicación, distribución, etc. 1968.
300 ## - DESCRIPCIÓN FÍSICA
Extensión 559, [5] p. ;
Dimensiones 22 cm.
490 1# - MENCIÓN DE SERIE
Mención de serie Historia inmediata
504 ## - NOTA DE BIBLIOGRAFÍA, ETC.
Nota de bibliografía, etc. Incluye referencias bibliográficas y notas al pie de las páginas.
534 ## - NOTA SOBRE LA VERSIÓN ORIGINAL
Frase introductoria Título original en francés:
Mención de título del original Le conflt Israélo - Arabe.
Publicación, distribución, etc. del original Les temps modernes, 1967
500 ## - NOTA GENERAL
Nota general Selección de la revista "Les Temps Modernes", nº 233
500 ## - NOTA GENERAL
Nota general Incluye índice
700 1# - PUNTO DE ACCESO ADICIONAL--NOMBRE DE PERSONA
Nombre de persona Sartre, Jean-Paul,
Fechas asociadas al nombre 1905-1980
9 (RLIN) 13414
700 1# - PUNTO DE ACCESO ADICIONAL--NOMBRE DE PERSONA
Nombre de persona Rodinson, M.,
9 (RLIN) 48672
700 1# - PUNTO DE ACCESO ADICIONAL--NOMBRE DE PERSONA
Nombre de persona Misrahi, R.,
9 (RLIN) 48673
700 1# - PUNTO DE ACCESO ADICIONAL--NOMBRE DE PERSONA
Nombre de persona Marfá, Jorge,
Término indicativo de función/relación tr.
9 (RLIN) 48674
700 1# - PUNTO DE ACCESO ADICIONAL--NOMBRE DE PERSONA
Nombre de persona Freixa, M. Consuelo,
Término indicativo de función/relación tr.
9 (RLIN) 48675
700 1# - PUNTO DE ACCESO ADICIONAL--NOMBRE DE PERSONA
Nombre de persona Lorés, Maria Teresa,
Término indicativo de función/relación tr.
9 (RLIN) 48676
830 #0 - PUNTO DE ACCESO ADICIONAL DE SERIE-TÍTULO UNIFORME
Título uniforme Historia inmediata
9 (RLIN) 32418
Holdings
Estado de retiro Estado de pérdida Restricciones de uso No para préstamo Código de colección Localización permanente Ubicación/localización actual Ubicación en estantería Fecha de adquisición Número de inventario Total de préstamos Signatura topográfica completa Código de barras Fecha visto por última vez Precio válido a partir de Tipo de ítem Koha
    Préstamo interno   Monografías: Libros y Folletos General General En catalogación 15.12.2010 LF1   nnnn C748a 23621-10 25.06.2020 25.06.2020 Préstamo interno

Powered by Koha